000 00977nam a2200253Ia 4500
003 OSt
005 20221005104753.0
006 a|||||r|||| 00| 0
007 ta
008 221004b |||||||| |||| 00| 0 hin d
024 _a32111
037 _cTextual
040 _aCRL
_cCRL
_bhin
041 _2hin
_ahin
082 _aO152:g(Y), M6
100 _aजैन, निर्मला, संपा.
245 0 _aसाहित्य का समाजशास्त्रीय चिंतन
246 _aSāhitya kā samājashāstrīya chiantana
260 _aदिल्ली
_bविश्वविद्यालय हिन्दी माध्यम कार्यान्वय निदेशालय भारत
_c1986
300 _a138पृ.
_ccm.
650 _aहिन्दी साहित्य
942 _hO152:g(Y), M6
_cTEXL
_2cc
999 _c1013733
_d1013733